Loading...
| Literature - European | 0 | 5 | 0 | 0 | 50 | 95 | 124.60 | 0 | 3 | 0.00 | 0.00 |
| Literature - American | 0 | 4 | 1 | 0 | 35 | 82 | 105.50 | 0 | 4 | 0.00 | 0.00 |
| Literature - British | 0 | 3 | 0 | 1 | 30 | 95 | 118.67 | 0 | 1 | 0.00 | 0.00 |
| Other Academic | 0 | 3 | 0 | 0 | 30 | 93 | 106.67 | 1 | 2 | 0.00 | 0.00 |
| Fine Arts - Other | 0 | 2 | 0 | 0 | 20 | 100 | 110.00 | 0 | 0 | 0.00 | 0.00 |
| Pop Culture | 0 | 2 | 0 | 1 | 20 | 69 | 81.00 | 0 | 1 | 0.00 | 0.00 |
| Philosophy | 0 | 2 | 1 | 0 | 15 | 93 | 109.00 | 0 | 2 | 0.00 | 0.00 |
| Fine Arts - Painting and Sculpture | 0 | 2 | 1 | 1 | 15 | 72 | 102.00 | 0 | 1 | 0.00 | 0.00 |
| Literature - World | 0 | 2 | 1 | 0 | 15 | 107 | 132.50 | 0 | 1 | 0.00 | 0.00 |
| Social Science | 0 | 1 | 0 | 0 | 10 | 95 | 95.00 | 0 | 1 | 0.00 | 0.00 |
| History - Other | 0 | 1 | 0 | 0 | 10 | 134 | 134.00 | 0 | 0 | 0.00 | 0.00 |
| Mythology | 0 | 1 | 0 | 0 | 10 | 92 | 92.00 | 1 | 1 | 0.00 | 0.00 |
| Religion | 0 | 1 | 0 | 0 | 10 | 137 | 137.00 | 0 | 1 | 0.00 | 0.00 |
| Science - Chemistry | 0 | 1 | 0 | 1 | 10 | 123 | 123.00 | 0 | 0 | 0.00 | 0.00 |
| Science - Physics | 0 | 1 | 0 | 1 | 10 | 128 | 128.00 | 0 | 1 | 0.00 | 0.00 |
| Fine Arts - Classical Music | 0 | 2 | 2 | 0 | 10 | 98 | 104.50 | 0 | 1 | 0.00 | 0.00 |
| History - World | 0 | 1 | 1 | 1 | 5 | 142 | 142.00 | 0 | 1 | 0.00 | 0.00 |
| Science - Other | 0 | 1 | 1 | 1 | 5 | 145 | 145.00 | 0 | 0 | 0.00 | 0.00 |
| History - European | 0 | 1 | 1 | 1 | 5 | 136 | 136.00 | 1 | 1 | 0.00 | 0.00 |
| History - American | 0 | 1 | 2 | 0 | 0 | 102 | 102.00 | 0 | 0 | 0.00 | 0.00 |
| Geography | 0 | 0 | 1 | 0 | -5 | 0.00 | 0 | 0 | 0.00 | 0.00 |